| 000 | 00430nam a2200169 a 4500 | ||
|---|---|---|---|
| 001 | 0000-9224 | ||
| 003 | ELIB.Books | ||
| 008 | 110520 1953 | ||
| 035 | _a(ELIB.Books)0000-9376 | ||
| 082 |
_a269.2 _bCha |
||
| 100 | _aChastain, Theron | ||
| 245 | _aWe can Win Others | ||
| 260 |
_bPhiladelphia; The Judson Press _c1953 |
||
| 650 | _aChristian Education | ||
| 942 |
_2ddc _cBK |
||
| 998 |
_cbat _e2011-05-20 |
||
| 999 |
_c9224 _d9224 |
||